| 000 | 01780nam2a22003371 4500 | ||
|---|---|---|---|
| 001 | rc\3018668 | ||
| 005 | 20250831000522.0 | ||
| 035 | _a(NLR Aleph) 007160877 | ||
| 090 |
_a88854 _c88854 |
||
| 100 | _a20110927d1945 u y0rusy50 ca | ||
| 101 | 0 | _arus | |
| 102 | _aRU | ||
| 105 | _ay z ||||| | ||
| 200 | 1 |
_aДипломатия в период подготовки Второй мировой войны _e(1919-1939 гг.) _fСост. проф. Минц И.И., проф. Панкратова А.М., акад. Потемкин В.П., акад. Тарле Е.В. и Колчановский Н.П. |
|
| 210 |
_aМосква _aЛенинград _cГосполитиздат _d1945 _eЛенинград _gТип. "Печатный двор" |
||
| 215 | _aXII, 883 с. | ||
| 320 | _aУказатель имен: Сост. Л.А. Телешева, с. 873-83 | ||
| 320 | _aБиблиогр.: Сост. П.А. Баумштейн, З.Д. Виноград, О.М. Гармсси и др., с. 817-72 | ||
| 461 | 0 |
_1001rc\3018665 _12001#$aИстория дипломатии$eТ. 1-$fПод ред. В.П. Потемкина$vТ. 3 |
|
| 702 | 1 |
_aМинц _bИ.И. _gИсаак Израилевич _4220 |
|
| 702 | 1 |
_aПанкратова _bА.М. _4220 |
|
| 702 | 1 |
_aПотемкин _bВ.П. _4220 |
|
| 702 | 1 |
_aТарле _bЕ. В. _f1875-1955 _gЕвгений Викторович _3RU\NLR\AUTH\7716336 _4220 |
|
| 702 | 1 |
_aКолчановский _bН.П. _4220 |
|
| 801 | 0 |
_aRU _bNLR _gpsbo |
|
| 801 | 1 |
_aRU _bELAR _2rusmarc |
|
| 852 |
_aNLR _jИ10 Г-5/1 |
||
| 942 | _cBOOK | ||
| 945 |
_aРоссийская национальная библиотека _aЦентральная городская библиотека Нижнего Новгорода |
||
| 980 | _aBV | ||